000 00938nam a22002777a 4500
001 842
003 DO-SdBNP
005 20160601115613.0
007 842
008 160601b 2008 dr | |||| 00| 0 spa d
020 _a9789945113075
040 _8
_aBPMSU
_bsp
_cBPMSU
100 _aSosa R., Olga
245 1 0 _aGrafomotricidad :
_btercer trimestre /
_cOlga Sosa R. ; dirección editorial Obdulia García de Escobar ; ilustración Jonás Muvdi, José Amado Polanco
260 _aSanto Domingo :
_bSantillana,
_c2008
300 _a142 p. :
_bil. ;
_c21 cm.
500 _a3 años
500 _aInicial
500 _aContienes el primer trimestre del tercer años
505 _tGrafomotricidad --
_tAprendo matemática --
_tLectoescritura --
700 _aGarcía de Escobar, Obdulia
700 _aPolanco, José Amado
_eil.
700 _aMuvdi, Jonás
_eil.
942 _2ddc
_cBK
956 _aVMATEO
_b10
_c20160601
_dBPMSU
_f00069
999 _c10250
_d10250